Soil and water conservation / (Record no. 158089)

MARC details
000 -LEADER
fixed length control field 00964cam a2200313 a 4500
008 - FIXED-LENGTH DATA ELEMENTS--GENERAL INFORMATION
fixed length control field
020 ## - INTERNATIONAL STANDARD BOOK NUMBER
International Standard Book Number 013830324X (hbk.)
049 ## - LOCAL HOLDINGS (OCLC)
Holding library MAIN
090 ## - LOCALLY ASSIGNED LC-TYPE CALL NUMBER (OCLC); LOCAL CALL NUMBER (RLIN)
Classification number (OCLC) (R) ; Classification number, CALL (RLIN) (NR) S623
003 - CONTROL NUMBER IDENTIFIER
control field
005 - DATE AND TIME OF LATEST TRANSACTION
control field 20230123134004.0
040 ## - CATALOGING SOURCE
Transcribing agency NUST
100 1# - MAIN ENTRY--PERSONAL NAME
Personal name Troeh, Frederick R.
245 10 - TITLE STATEMENT
Title Soil and water conservation /
Statement of responsibility, etc. Frederick R. Troeh, J. Arthur Hobbs [and] Roy L. Donahue.
250 ## - EDITION STATEMENT
Edition statement 2nd ed.
260 ## - PUBLICATION, DISTRIBUTION, ETC.
Place of publication, distribution, etc. Englewood Cliffs :
Name of publisher, distributor, etc. Prentice-Hall ,
Date of publication, distribution, etc. c1991.
300 ## - PHYSICAL DESCRIPTION
Extent xiii, 530 p. :
Other physical details ill., maps ;
Dimensions 24 cm.
500 ## - GENERAL NOTE
General note Includes index.
504 ## - BIBLIOGRAPHY, ETC. NOTE
Bibliography, etc. note Includes bibliographical references.
650 #0 - SUBJECT ADDED ENTRY--TOPICAL TERM
Topical term or geographic name entry element Soil conservation.
650 #0 - SUBJECT ADDED ENTRY--TOPICAL TERM
Topical term or geographic name entry element Water conservation.
653 0# - INDEX TERM--UNCONTROLLED
Uncontrolled term Soils
-- Conservation
653 0# - INDEX TERM--UNCONTROLLED
Uncontrolled term Natural resources
-- Water
-- Conservation
700 1# - ADDED ENTRY--PERSONAL NAME
Personal name Hobbs, J. Arthur.
700 1# - ADDED ENTRY--PERSONAL NAME
Personal name Donahue, Roy Luther.
700 1# - ADDED ENTRY--PERSONAL NAME
Personal name Troeh, Frederick R.
907 ## - LOCAL DATA ELEMENT G, LDG (RLIN)
a .b10016272
b 10-05-08
c 17-04-03
942 ## - ADDED ENTRY ELEMENTS (KOHA)
Koha item type Ordinary Loan Books
Call number prefix S623
Holdings
Date last seen Total Checkouts Full call number Barcode Cost, replacement price Price effective from Koha item type Lost status Source of classification or shelving scheme Damaged status Not for loan Collection Withdrawn status Home library Current library Shelving location Date acquired Cost, normal purchase price
01/23/2023 10 S623 TRO 92003015165 80.00 01/23/2023 BOOKS   LCC     NFIC   MAIN MAIN GEN 01/23/2023 80.00